000 00707nam a2200193 i 4500
001 30243
003 ES-MaACL
005 20250726063032.0
007 t|
008 030124s1872 sp ||||1| spa d
100 1 _aBarrantes, Vicente,
_d1829-1898
_925851
245 1 0 _aViaje electoral, hecho con la bolsa a cuestas y el cuerpo molido a palos, por Barvic a los infiernos del sufragio universal /
_cVicente Barrantes.
260 _aMadrid :
_b[s.n.,
_c1872] (
_fImp. Viuda e hijos de Galiano)
300 _a207 p. ;
_c21 cm.
500 _aLa portada y primeras hojas están rotas.
650 4 _aSufragio universal-
_zEspaña.
_9163144
852 _aES-MaACL
_jT-192-F-3
999 _c30243
_d30243